Evaluación del sistema de tratamiento de aguas residuales de una planta de molino de nixtamal y alternativas de minimización de volúmenes y contaminantes de sus descargas líquidas
Spremljeno u:
| Glavni autor: | |
|---|---|
| Format: | Knjiga |
| Izdano: |
2006
San José, C.R
|
| Teme: | |
| Oznake: |
Dodaj oznaku
Bez oznaka, Budi prvi tko označuje ovaj zapis!
|
MARC
| LEADER | 00000nam a2200000Ia 4500 | ||
|---|---|---|---|
| 003 | 009744 | ||
| 005 | 20221231144122.0 | ||
| 008 | 140114s2006 cr a m 000 ||s d | ||
| 040 | |c cru CEDI | ||
| 090 | |a TFG 5272 | ||
| 100 | |a Solano Redondo, Óscar Mauricio |9 5570 | ||
| 245 | |a Evaluación del sistema de tratamiento de aguas residuales de una planta de molino de nixtamal y alternativas de minimización de volúmenes y contaminantes de sus descargas líquidas | ||
| 260 | |c San José, C.R |b 2006 | ||
| 300 | |a xiii, 117, [11] hojas : ilustraciones | ||
| 500 | |a Proyecto de graduación (licenciatura en ingeniería química)--Universidad de Costa Rica. Facultad de Ingeniería. Escuela de Ingeniería Química | ||
| 650 | |x AGUAS RESIDUALES |x DISPOSICION DE AGUAS RESIDUALES |x INGENIERÍA SANITARIA |x PURIFICACION DE AGUAS RESIDUALES |9 5571 | ||
| 942 | |c TFG | ||
| 999 | |c 17152 |d 17152 | ||
